Alxebra 26 : Trabajos Sobre Triples /
Guardat en:
| Autor principal: | |
|---|---|
| Altres autors: | , |
| Format: | Sách giấy |
| Idioma: | Spanish |
| Publicat: |
Santiago, Compostela, Espana :
Universidad de Santiago ,
1980
|
| Etiquetes: |
Afegir etiqueta
Sense etiquetes, Sigues el primer a etiquetar aquest registre!
|
| Thư viện lưu trữ: | Thư viện Trường Đại học Đà Lạt |
|---|
| LEADER | 00677nam a2200253 4500 | ||
|---|---|---|---|
| 001 | DLU020011133 | ||
| 005 | ##12/10/1999 | ||
| 041 | # | # | |a spa |
| 082 | # | # | |a 512 |b PE-J |
| 100 | # | # | |a Pérez, J. M. Barja |
| 245 | # | # | |a Alxebra 26 : |b Trabajos Sobre Triples / |c J. M. Barja Pérez, F. E. G-Rodeja, J. L. Freire Nistal |
| 260 | # | # | |a Santiago, Compostela, Espana : |b Universidad de Santiago , |c 1980 |
| 300 | # | # | |a 90 tr.; |c 23 cm. |
| 700 | # | # | |a G-Rodeja, F. E. |
| 700 | # | # | |a Nistal, J. L. Freire |
| 992 | # | # | |a 3500 |
| 994 | # | # | |a DLU |
| 900 | # | # | |a False |
| 911 | # | # | |a Administrator |
| 925 | # | # | |a G |
| 926 | # | # | |a A |
| 927 | # | # | |a SH |
| 980 | # | # | |a Thư viện Trường Đại học Đà Lạt |